=LDR 00000nam 2200000 4500 =001 INLIS000000000011668 =005 20130612103219 =008 ***********************************Eng** =035 ##$$0010-061300000011668 =041 ##$$a Eng =082 ##$$a 726.1 =090 ##$$a 726.1, Mur t =100 ##$$a Murcipto =245 ##$$a The ciwa temple of Prambanan, Drs.Moertijipto =260 ##$$a 1992 $b Yogyakarta =300 ##$$a 76 hlm., ilus, 20 cm =650 ##$$a Candi =850 ##$$a NBPNMAT